Song Lyrics: Rammstein - Engel - Statistics

General Stats
  • This quiz has been taken 396 times
  • The average score is 125 of 165
Answer Stats
Text % Correct
Engel
98%
ich
94%
sein.
91%
kein
89%
will
87%
Gott
86%
Himmel
84%
weiß,
84%
sehen
82%
sehen.
82%
und
82%
Wir
82%
an
80%
kann.
80%
kann
80%
allein.
79%
haben
78%
man
78%
Angst
77%
die
77%
sind
77%
uns
76%
uns,
76%
gehen,
74%
schlafen
74%
am
73%
Den
73%
sie
73%
Sie
73%
wenn
70%
Wolken
70%
ein
69%
Wer
68%
du
65%
nach
65%
nicht
65%
werden.
65%
zu
61%
dem
59%
auf
58%
dann,
58%
gut
58%
Erst
57%
warum
55%
Erden
54%
Tod
54%
wird
52%
gen
51%
Blick
50%
fragst
50%
fallen.
46%
Lebzeit
46%
vom
45%
Sterne
42%
fest.
40%
leben
40%
müssen
40%
sich
40%
Ganz
39%
von
39%
krallen.
38%
Damit
36%
Sonnenschein.
36%
Getrennt
32%
weit.
32%
hinterm
28%
unendlich
28%
No matching quizzes found
Score Distribution
Percent of People with Each Score
Percentile by Number Answered
Your Score History
You have not taken this quiz